000 00534nam a2200217Ia 4500
003 OSt
005 20220928140907.0
006 a|||||r|||| 00| 0
007 ta
008 220927b |||||||| |||| 00| 0 eng d
024 _a12368
037 _cTextual
040 _aSDCL
_cSDCL
_beng
041 _2eng
_aeng
082 _aO-,3M98x, L1
100 _aScribner Charles
_9498097
245 0 _aEnduring hemingway.
260 _c1971
942 _hO-,3M98x, L1
_cTEXL
_2CC
999 _c814777
_d814777